Microprocessors and Microcontrollers (Record no. 195021)

MARC details
000 -LEADER
fixed length control field 00529nam a2200193Ia 4500
005 - DATE AND TIME OF LATEST TRANSACTION
control field 20260531145103.0
008 - FIXED-LENGTH DATA ELEMENTS--GENERAL INFORMATION
fixed length control field 260531s9999 xx 000 0 und d
020 ## - INTERNATIONAL STANDARD BOOK NUMBER
International Standard Book Number 9780198066477
041 ## - LANGUAGE CODE
Language code of text/sound track or separate title English
082 ## - DEWEY DECIMAL CLASSIFICATION NUMBER
Classification number 681.3.21.1 SEN
100 ## - MAIN ENTRY--PERSONAL NAME
Personal name Senthil Kumar (N)
245 #0 - TITLE STATEMENT
Title Microprocessors and Microcontrollers
260 ## - PUBLICATION, DISTRIBUTION, ETC.
Name of publisher, distributor, etc. Oxford University Press
Place of publication, distribution, etc. New Delhi
Date of publication, distribution, etc. 2013
300 ## - PHYSICAL DESCRIPTION
Other physical details Paper Back
Extent 765+22
563 ## - BINDING INFORMATION
Binding note Paper Back
650 ## - SUBJECT ADDED ENTRY--TOPICAL TERM
Topical term or geographic name entry element  Microprocessors
700 ## - ADDED ENTRY--PERSONAL NAME
Personal name Saravanan (M)Jeevananthan (S)
942 ## - ADDED ENTRY ELEMENTS (KOHA)
Koha item type Books
Holdings
Withdrawn status Lost status Damaged status Not for loan Home library Current library Shelving location Date acquired Total Checkouts Full call number Barcode Date last seen Price effective from Koha item type Public note
        Kumaraguru College of Technology Kumaraguru College of Technology MGCL Shelf No 608-617 2026-04-29   681.3.21.1 SEN Z 19187 2026-05-31 2026-05-31 Books CSE

Visitor Number: